000 00563nam a22002057a 4500
003 OSt
005 20260514132532.0
008 260514b |||||||| |||| 00| 0 eng d
040 _cHS LRC
050 _aHD 31.2
_b.Z36 2023
100 _aZarate, Cynthia A.
_945286
245 _aOrganization and Management /
_cCynthia A. Zarate
250 _a2nd ed.
260 _aQuezon City :
_bC&E Publishing,
_cc2023.
300 _avii, 366 p. :
_bill. ;
_c27 cm.
365 _b535.00
504 _aincludes index.
650 _aOrganization.
_921245
942 _2lcc
_cBK
999 _c94157
_d94157